000 00550nam a2200217Ia 4500
003 0100
008 130303s9999 xx 000 0 und d
020 _a300020413
040 _cARRUPELIB
050 _aHT1326.C66 1977
100 _aCooper, Frederick
245 _aPlantation slavery on the east coast of Africa
260 _aNew Haven, Conn.
260 _bYale University Press
260 _C1977
300 _axviii
300 _b 314p. 24cm
650 _bEngland--Civilization--1066-1484
700 _aFrederick Cooper
942 0 0 _01
999 _c14752
_d14752